Hygienizácia a anaeróbna digescia bioodpadu

Enregistré dans:
Détails bibliographiques
Auteur principal: Sluková, Melissa (Auteur)
Autres auteurs: Dzianik, František (Directeur de thèse)
Format: Manuscrit Livre
Langue:slovaque
Publié: 2025
Sujets:
Accès en ligne:http://is.stuba.sk/zp/portal_zp.pl?podrobnosti=185703
Tags: Ajouter un tag
Pas de tags, Soyez le premier à ajouter un tag!

MARC

LEADER 00000ntm a22000003a 4500
001 stuzp105948
003 SK-STU
005 20250621210608.7
007 ta
008 150427s2015----xo-----f-mn---000-0-slo-d
040 |a STU  |b slo 
041 0 |a slo 
100 1 |a Sluková, Melissa  |u 020040  |4 aut  |U SjF Strojnícka fakulta  |T SjF Ústav procesného inžinierstva  |X 97530  |U J0040  |Y 807  |7 97530 
242 0 1 |a Sanitisation and anaerobic digestion of biowaste  |y eng 
245 1 0 |a Hygienizácia a anaeróbna digescia bioodpadu 
260 |c 2025 
650 4 |a kuchynský a reštauračný bioodpad  |2 slo 
650 4 |a hygienizačná nádrž  |2 slo 
650 4 |a konštrukcia  |2 slo 
650 4 |a proces  |2 slo 
650 4 |a process  |2 eng 
650 4 |a kitchen and restaurant biowaste  |2 eng 
650 4 |a wet anaerobic digestion  |2 eng 
650 4 |a design  |2 eng 
700 1 |a Dzianik, František  |u 020040  |k Z1  |4 ths  |U SjF Strojnícka fakulta  |T SjF Ústav procesného inžinierstva  |X 4665  |U J0040  |Y 807  |7 A000004665 
856 4 |u http://is.stuba.sk/zp/portal_zp.pl?podrobnosti=185703